Catálogo
 En Linea

El teatro y el niño / (Registro nro. 40354)

Detalles MARC
000 -CABECERA
campo de control de longitud fija 00717nam a2200205 a 4500
001 - NÚMERO DE CONTROL
campo de control 000040864
005 - FECHA Y HORA DE LA ÚLTIMA TRANSACCIÓN
campo de control 20201002034433.0
008 - DATOS DE LONGITUD FIJA--INFORMACIÓN GENERAL
campo de control de longitud fija 130910s1995 pr 000 0 spa d
020 ## - NÚMERO INTERNACIONAL ESTÁNDAR DEL LIBRO
Número Internacional Estándar del Libro 9780865814899
040 ## - FUENTE DE LA CATALOGACIÓN
Centro catalogador/agencia de origen DO-SdBNP
Lengua de catalogación spa
Centro/agencia transcriptor BNPHU
082 ## - NÚMERO DE LA CLASIFICACIÓN DECIMAL DEWEY
Número de clasificación xxxx
Número de documento/Ítem xxxx
100 1# - ENTRADA PRINCIPAL--NOMBRE DE PERSONA
Nombre de persona Freites Matos, Isabel de,
Fechas asociadas al nombre 1915-
9 (RLIN) 67288
245 13 - MENCIÓN DE TÍTULO
Título El teatro y el niño /
Mención de responsabilidad, etc. Isabel Freites de Matos.
260 ## - PUBLICACIÓN, DISTRIBUCIÓN, ETC.
Lugar de publicación, distribución, etc. Puerto Rico, :
Nombre del editor, distribuidor, etc. Instituto de cultura puertorriqueña,
Fecha de publicación, distribución, etc. 1995.
300 ## - DESCRIPCIÓN FÍSICA
Extensión 163 p. ;
Dimensiones 23 cm.
500 ## - NOTA GENERAL
Nota general Incluye índices de autores y obras
500 ## - NOTA GENERAL
Nota general Incluye datos biográficos del autor en las solapas
500 ## - NOTA GENERAL
Nota general La biblioteca posee la segunda reimpresión del 2008
504 ## - NOTA DE BIBLIOGRAFÍA, ETC.
Nota de bibliografía, etc. Bibliografías : p. 143-163
Existencias
Estado de retiro Estado de pérdida Restricciones de uso No para préstamo Código de colección Localización permanente Ubicación/localización actual Ubicación en estantería Fecha de adquisición Número de inventario Total de préstamos Signatura topográfica completa Código de barras Fecha visto por última vez Precio válido a partir de Tipo de ítem Koha
      Excluido de préstamo Monografías: Libros y Folletos General General Depósito 10.09.2013 LF1   xxxx xxxx 40864-10 25.06.2020 25.06.2020 No se presta

Con tecnología Koha